Ética a Nicómaco.
Uloženo v:
| Hlavní autor: | |
|---|---|
| Další autoři: | |
| Médium: | Kniha |
| Jazyk: | španělština |
| Vydáno: |
Madrid, España:
Jorge A. Mestas,
2010.
|
| Vydání: | Cuarta edición. |
| Edice: | Biblioteca de Filosofía,
|
| Témata: | |
| Tagy: |
Přidat tag
Žádné tagy, Buďte první, kdo vytvoří štítek k tomuto záznamu!
|
MARC
| LEADER | 00000nam a2200000 a 4500 | ||
|---|---|---|---|
| 001 | UCI2112 | ||
| 003 | CL-VaPUC | ||
| 005 | 20250321101943.0 | ||
| 008 | 070803t20100000SP |||||||||||||||||spa|d | ||
| 999 | |c 447018 |d 447016 | ||
| 020 | |a 978-84-95311-65-8 | ||
| 040 | |c Pontificia Universidad Católica de Valparaíso | ||
| 082 | 0 | 4 | |a 185 ARI 2010 |2 21 |
| 100 | |a Aristóteles, |d 384 a.C.- 322 a.C. |e autor |9 194 | ||
| 245 | 1 | 0 | |a Ética a Nicómaco. |
| 250 | |a Cuarta edición. | ||
| 260 | |a Madrid, España: |b Jorge A. Mestas, |c 2010. | ||
| 300 | |a 253 páginas. | ||
| 490 | 0 | |a Biblioteca de Filosofía, |n 1. | |
| 500 | |a c.1. Instituto Arcos.08-01-2025. | ||
| 583 | |a last modification |c 20070803 00:00:00 |k Gabriela Rodríguez Cuevas | ||
| 650 | 0 | |a Ética |9 255099 | |
| 650 | 0 | |a Conceptos morales |9 310606 | |
| 650 | 0 | |a Filosofía antigua |9 255705 | |
| 700 | |9 896135 |a Gutiérrez, Vicente |e traductor |e introducción | ||
| 942 | |c BK |2 ddc |n 0 | ||
| 945 | |d 20070803 00:00:00 |a jtorresc | ||
| 952 | |0 0 |1 0 |2 ddc |4 0 |6 185_000000000000000_ARI_2010 |7 0 |8 A |9 600437 |a BIBINC |b BIBINC |d 2025-02-05 |e Instituto Arcos |i 5665347 |o 185 ARI 2010 |p 5665347 |r 2025-02-05 |t 1 |w 2025-02-05 |y BK |k IFP | ||